000 00724nam a2200205Ia 4500
003 GCL
008 140319s9999 xx 000 0 ara d
040 _aGCL /
_cGCL
082 0 4 _a953.022
_bس و
100 1 _aسليمان فياض
245 1 0 _aالوجه الاخر للخلافة الاسلامية /
_cسليمان فياض
250 _aالاولى
260 _aالقاهرة :
_bدار مصر المحروسة ،
_c2006
300 _a247ص ؛
_c20سم
650 0 4 _aالتاريخ الاسلامى
650 0 4 _aالاسلام، نظام الحكم فى
650 0 4 _aالاسلام - الاحوال الاجتماعية
650 0 4 _aالاسلام - الاحوال الاقتصادية
942 _2ddc
_cBK
999 _c8641
_d8641